| 000 | 00792nam a2200193 4500 | ||
|---|---|---|---|
| 001 | 160164 | ||
| 003 | ES-MaACL | ||
| 005 | 20230906211944.0 | ||
| 008 | 950322s1824 fr |||| | fre d | ||
| 040 |
_aEUS _bspa _cEUS |
||
| 100 | 1 |
_aMoreau de Montalin, J. L. _9149976 |
|
| 245 | 1 | 0 |
_aAnalyse des Pandectes de Pothier, en français, servant aussi de table analytique et alphabétique des matières, également applicable au Digeste / _cpar M. Moreau de Montalin. |
| 260 |
_aParis : _bLibrairie Nationale et Etrangère, _c1824 ( _fImprimerie de J. MacCarthy) |
||
| 300 |
_a2 v. ; _c20 cm. |
||
| 630 | 0 | 4 |
_aDigesta. _9149974 |
| 650 | 4 |
_aDerecho romano- _vFuentes. _9139068 |
|
| 700 | 1 |
_aPothier, Robert Joseph. _9131306 |
|
| 852 |
_aES-MaACL _jZ-291-92 _z-- Enc. hol. _xOlim: C-19403-9 |
||
| 999 |
_c160164 _d160164 |
||